| 000 | 00635namaa22001811 4500 | ||
|---|---|---|---|
| 001 | 178966 | ||
| 003 | ES-MaACL | ||
| 005 | 20250701220536.0 | ||
| 008 | 110816s1901 fr |||| | fre d | ||
| 100 | 1 |
_aSeignobos, Charles ( _d1854-1942) _9105259 |
|
| 245 | 1 | 3 |
_aLa méthode historique appliquée aux sciences sociales / _cpar Ch. Seignobos. |
| 260 |
_aParis : _bFelix Alcan, _c1901. |
||
| 300 |
_aII, 322 p. ; _c22 cm. |
||
| 490 | 1 |
_aBibliotheque générale des sciences sociales ; _v12 |
|
| 830 | 0 | 0 |
_aBibliothèque générale des sciences sociales _v12 _9187778 |
| 852 |
_aES-MaACL _jC-23092 |
||
| 999 |
_c178966 _d178966 |
||